000 00705cam a22001814a 4500
005 20250605163432.0
008 250528s ||||||||||||||||||||||||d
035 _a19148
020 _a810313073
040 _aGR-AtMCL
_bgre
_dGR-AtMCL
_eAACR2
245 1 _aTransportation Economics / A Guide to Information Sources
260 _bGale Research Company,
_c1976
300 _a220
520 _aAcknowledgements, Introduction, General Transportation, Railroads, Highway Transportation, Air Transoprtation, Water Transportation, Business Logistics, Urban Transportation, Additional Sources of Information, Author Index, Title Index, Subject Index.
942 _cBK
999 _c4425
_d4425